| 000 | 01948nam a2200253 a 4500 | ||
|---|---|---|---|
| 001 | ASIN185669755X | ||
| 003 | OSt | ||
| 005 | 20180116192415.0 | ||
| 008 | 130220s2011 xxu eng d | ||
| 020 |
_a185669755X (paperback) _c$29.95 |
||
| 020 | _a9781856697552 (paperback) | ||
| 040 | _cdel | ||
| 082 | _a720.1 | ||
| 100 | 1 |
_aDavies, Colin. _96451 |
|
| 245 | 1 | 0 |
_aThinking about architecture : _ban introduction to architectural theory / _cColin Davies. |
| 260 |
_aLondon : _bLaurence King Publishers, _c2011. |
||
| 300 |
_a160 p. ; _c25 cm. |
||
| 520 | _aIn order to understand architecture in all its cultural complexity it is necessary to grasp certain basic concepts such as representation, form, and space. The aim of this book is to provide designers, teachers, students, and interested laypersons with a set of ideas that will enrich their conversation, their writing, and above all their thinking about architecture. Written in a conversational style, it introduces difficult concepts gradually, step by step. Architectural theorists and philosophers are mentioned in passing and their works are listed in the bibliography, but they are not the subject of the book. Architecture, rather than philosophy, is at the centre of the picture. The aim is to enable the reader to understand architecture in all its aspects, rather than to learn the names of particular theorists. The book is divided into eight chapters, each covering a particular aspect of architecture. Thinking about Architecture will be an invaluable standard introduction to architectural theory for architecture students, practising architects and interested general readers. | ||
| 650 |
_aArchitecture _xPsychological aspects _96452 |
||
| 650 |
_aArchitecture _xPhilosophy _96453 |
||
| 856 | 4 | 0 |
_3Amazon.com _uhttp://www.amazon.com/exec/obidos/ASIN/185669755X/chopaconline-20 |
| 942 |
_2ddc _cBK |
||
| 999 |
_c353676 _d353676 |
||